00997cam a22002775a 4500001000800000005001700008008004100025020001500066020001800081040003300099082002000132245010600152260003900258300003400297504005300331650003500384650003600419650003700455651001000492653002400502700002900526700003900555942000800594999001700602952010000619114244820201128024213.0950320t1996 nyua frb 001 0 eng d a0471599468 a9780471599463 aDLCcDLCdDLCdEG-ScBUEbeng04a155.24222bHAN00aHandbook of coping :btheory, research, applications /cedited by Moshe Zeidner and Norman S. Endler. aNew York :bWiley & Sons,cc.1996. axxi, 728 p. :bill. ;c24 cm. aIncludes bibliographical references and indexes. 7aAdjustment (Psychology)2BUEsh 7aStress (Psychology)2BUEsh9937 7aAdaptability (Psychology)2BUEsh 2BUEsh bEEENGcDecember20171 aZeidner, Moshe,eeditor.1 aEndler, Norman S.,d1931-eeditor. 2ddc c25745d25717 00102ddc4070aMAINbMAINcLOWd2017-12-19l0o155.24 HANp000046940r2025-07-15 00:00:00yBB